| 000 | 00560nam a2200181Ia 4500 | ||
|---|---|---|---|
| 008 | 100917s9999 xx 000 0 und d | ||
| 082 | _b24576 | ||
| 100 | _aपंडित देवदूत विद्यार्थी | ||
| 245 | _aहिन्दी बातचीत | ||
| 260 |
_bदक्षणि भारत प्रचार सभा _c1939 |
||
| 300 | _a39 | ||
| 365 | _b0.19 | ||
| 520 | _a--- | ||
| 630 | _aहिन्दी बातचीत | ||
| 650 | _a--- | ||
| 730 | _aहिन्दी बातचीत | ||
| 942 | _cBOOK | ||
| 999 |
_c629970 _d629967 |
||